Bordados y bordadores sevillanos (Record no. 6978)

MARC details
000 -CABECERA
campo de control de longitud fija 00763nam a2200217 a 4500
001 - NÚMERO DE CONTROL
campo de control BRCA_7302
005 - FECHA Y HORA DE LA ÚLTIMA TRANSACCIÓN
campo de control 20190320205802.0
008 - DATOS DE LONGITUD FIJA--INFORMACIÓN GENERAL
campo de control de longitud fija 090311s1955----sp-a######---#000-0#spa-#
041 ## - CÓDIGO DE LENGUA
Código de lengua del texto/banda sonora o título independiente spa
044 ## - CÓDIGO DEL PAÍS DE LA ENTIDAD EDITORA/PRODUCTORA
Código MARC del país sp
050 #4 - SIGNATURA TOPOGRÁFICA DE LA BIBLIOTECA DEL CONGRESO
Número de clasificación NK9262
Número de documento/Ítem .T87 1955
100 1# - ENTRADA PRINCIPAL--NOMBRE DE PERSONA
Nombre de persona Turmo, Isabel
9 (RLIN) 14677
245 10 - MENCIÓN DE TÍTULO
Título Bordados y bordadores sevillanos
Resto del título (siglos XVI a XVIII)
Mención de responsabilidad, etc. Isabel Turmo.
260 ## - PUBLICACIÓN, DISTRIBUCIÓN, ETC.
Lugar de publicación, distribución, etc. Madrid
Nombre del editor, distribuidor, etc. Laboratorio de Arte, Universidad de Sevilla
Fecha de publicación, distribución, etc. 1955
300 ## - DESCRIPCIÓN FÍSICA
Extensión 137 p.
Otras características físicas il., 86 láminas
Dimensiones 26 cm.
500 ## - NOTA GENERAL
Nota general Incluye una relación de bordadores por orden alfabético y notas a las láminas
500 ## - NOTA GENERAL
Nota general Donación del Dr. Juan Aguilar Díaz
500 ## - NOTA GENERAL
Nota general Estado físico: encuadernado, enero 2013
650 14 - PUNTO DE ACCESO ADICIONAL DE MATERIA--TÉRMINO DE MATERIA
Término de materia o nombre geográfico como elemento de entrada Bordado
Subdivisión cronológica Siglo XVI-XVIII
Subdivisión geográfica Sevilla
9 (RLIN) 14678
942 ## - ELEMENTOS DE PUNTO DE ACCESO ADICIONAL (KOHA)
Fuente del sistema de clasificación o colocación Library of Congress Classification
Tipo de ítem Koha Libros
Holdings
Estado de retiro Estado de pérdida Estado dañado No para préstamo Localización permanente Ubicación/localización actual Fecha de adquisición Total de préstamos Signatura topográfica completa Código de barras Fecha visto por última vez Precio válido a partir de Tipo de ítem Koha
El ejemplar forma parte de la colección y puede ser consultado según las políticas vigentes.       Biblioteca del Museo Franz Mayer (Rogerio Casas-Alatriste) Biblioteca del Museo Franz Mayer (Rogerio Casas-Alatriste) 26/04/2012   NK9262 .T87 1955 00661 22/03/2019 22/03/2019 Libros